Manuel Sinisterra, un viaje a Costa Rica de 1879 a 1881 /

Збережено в:
Бібліографічні деталі
Автор: Durán Segura, Luis Armando
Формат: Текст
Теги: Додати тег
Немає тегів, Будьте першим, хто поставить тег для цього запису!

MARC

LEADER 00000 a a2200000 04500
001 46972
003
040
100 |a Durán Segura, Luis Armando  
245 |a Manuel Sinisterra, un viaje a Costa Rica de 1879 a 1881 /  |c Luis Armando Durán Segura  
773 |g número67, (2013), páginas 223-277 : fotos  
999 |c 23308  |d 23308